000 01222nam a22001937a 4500
003 OSt
005 20251120155631.0
008 251120b |||||||| |||| 00| 0 eng d
040 _cDCL
082 _a၂၉၄.၃၈၂၃၃၁
130 _aတိပိဋက။
_pသုတ္တန္တပိဋက။
_pသံယုတ္တနိကာယ။
_tသဂါထာဝဂ္ဂသံယုတ်၊
_lအဋ္ဌကထာ၊
_sနိဿယ။
245 _aသံယုတ္တအဋ္ဌကထာနိဿယ၊
_nပထမတွဲ ၊
_bသဂါထာဝဂ္ဂသံယုတ္တ ပါဠိတော်နိဿယ /
_cဘဒ္ဒန္တဇာဂရမထေရ်။
250 _aဒုတိယအကြိမ်။
264 _aရန်ကုန် ၊
_bဗုဒ္ဓစာပေထိန်းသိမ်းစောင့်ရှောက်ရေးအဖွဲ့၊
_c၂၀၁၂။
300 _a၅၃၂ စာမျက်နှာ ၊
_c၂၅ စင်တီ။
650 _aသဂါထာဝဂ္ဂသံယုတ္တ
_vအဋ္ဌကထာ နိဿယ။
700 _aဇာဂရမထေရ်၊ ဘဒ္ဒန္တ
942 _2ddc
_cSHORT TERM
_n0
999 _c2549
_d2549